000 01797nam0a2200385 i 4500
001 RU\NLR\BIBL_A\011104378
005 20260408202453.0
010 _a9785961454840
_91000
021 _aRU
_b2016-24840
_91577
035 _a(NILC)RuMoRGB-008260598
035 _a(NLR Aleph) 011104378
090 _a11438287
_c11438287
100 _a20160419d2016 km y0rusy50 ca
101 1 _arus
_ceng
102 _aRU
105 _aac||z|||000yy
200 1 _aИскусство ставить на спорт
_eпервое пособие по ставкам на русском языке
_f[Эндрю Брокер, Йоаким Марнитц, Стивен Харрис]
_gпер. с англ. [Алекcандр Костин]
_gbettingexpert.com и БК "Лига Ставок"
210 _aМосква
_cАльпина Паблишер
_d2016
215 _a162, [2] с.
_cил., цв. ил., портр.
_d22
300 _aАвт. указаны на 3-й с.
333 _a16+
606 _aСпортивные соревнования
_jРуководства, пособия и т.п
_xСтавки
_92537634
_3RU\NLR\AUTH\661502597
606 _aСпортивные соревнования
_jРуководства, пособия и т.п
_xСтавки
_92537634
_3RU\NLR\auth\661502597
610 0 _aбукмекерский бизнес
675 _a796/799
686 1 _aЧ517я7
700 1 _aБрокер
_bЭ.
_gЭндрю
701 1 _aМарнитц
_bЙ.
_gЙоаким
701 1 _aХаррис
_bС.
_gСтивен
801 0 _aRU
_bРГБ
_c20160329
_gRCR
801 1 _aRU
_bРГБ
_c20160329
_2rusmarc
942 _cBOOK
980 _aNBR